000 00980nam a2200169 a 4500
001 000030555
005 20200930062357.0
008 110524s1936 dr ac 000 0 spa d
040 _aDO-SdBNP
_bspa
_cBNPHU
082 _axxxx
_bxxxx
245 0 3 _aEl centenario de Máximo Gómez :
_bfraternidad dominico-cubana.
260 _aCiudad Trujillo, República Dominicana :
_bImp. Listín Diario,
_c1936.
300 _a25 p. :
_bil., retrs. ;
_c24 cm.
490 1 _aPublicaciones de la Secretaria de estado de relaciones exteriores
500 _aDiscursos pronunciados por el excelentísimo señor Generalisimo Doctor Rafael L. Trujillo Molina, presidente de la República Dominicana Comandante Enrique Recio, senador de la República de Cuba y presidente de la Misión Especial Cubana. Y Licenciado Victor Garrido, Secretario de Estado de Educación Pública y Bellas Artes de la República Dominicana
830 0 _aPublicaciones de la Secretaria de estado de relaciones exteriores
_957169
999 _c30047
_d30047